Mort subite - Villes desservies par TGV - Statistiques

Statistiques générales
  • Ce quiz a été pris 117 fois
  • Le résultat moyen est 4 sur 12
Answers on the Grid
Answers color-coded by a green-red scale on the quiz's grid according to % correct below.
Annecy
Granville
Saintes
Lens
Beauvais
Metz
Nurieux
Antibes
Foix
Limoges
Sète
Montbard
Toul
Vannes
Roanne
Auch
Landry
Le Mans
Menton
Lourdes
Bastia
Clermont-Ferrand
Rouen
Orléans
 
Statistiques - réponses
Réponse % Correct
Annecy
69%
Metz
59%
Le Mans
51%
Antibes
38%
Rouen
38%
Lens
37%
Sète
37%
Vannes
35%
Lourdes
26%
Montbard
25%
Landry
16%
Nurieux
10%
Aucun quiz correspondant
Distribution des résultats
% des personnes avec chaque résultat
Percentile par nombre de réponses
Votre historique - résultats
Vous n’avez pas pris ce quiz